00789nam a22001817a 4500008004100000040005500041080003000096245005900126250001200185260004500197300001500242500023600257650002000493653002200513653001600535700002800551700002800579230313b |||||||| |||| 00| 0 eng d aNational Science LibrarycNational Science Library aD 026+002.6(71+72)bK3;L9 aDirectory of special libraries and information centres a5th ed. aDetroit: bGale Research Company, c1968 aix, 836p.  aVol.1 (Directory of special libraries and information centres and information centres in the united states and Canada) ; ISBN: 0-8103-0297-7 ; xix, 1279p. Vol.2 (Geographic and personnel indexes); ISBN: 0-8103-0298-5 ; v, 715p.  aLibrary science aSpecial libraries aInformation10aYoung, Margaret L (Ed.)10aYoung, Harold C (Ed.)